Statistics for Most Populated Countries when the First Person Landed on the Moon

Click here to take the quiz!

General Stats

  • This quiz has been taken 29 times
  • The average score is 21 of 24

Answer Stats

PopulationCountry% Correct
92,824,000Brazil
100%
795,180,000China
100%
539,324,000India
100%
129,149,000Russia
100%
199,591,000United States
100%
51,178,000France
96%
77,852,000Germany
96%
110,621,000Indonesia
96%
47,935,000Mexico
96%
33,323,000Spain
96%
52,832,000Italy
93%
55,601,000United Kingdom
93%
103,455,000Japan
89%
53,777,000Nigeria
89%
56,888,000Pakistan
89%
32,143,000Poland
85%
34,312,000Turkey
85%
64,946,000Bangladesh
81%
31,567,000South Korea
81%
33,603,000Egypt
78%
34,293,000Thailand
78%
40,565,000Vietnam
74%
36,011,000Philippines
70%
46,826,000Ukraine
67%

Score Distribution

Percentile by Number Answered

Percent of People with Each Score

Your Score History

You have not taken this quiz